A gyász kezelése a munkakörnyezetben

Bibliográfiai részletek
Szerző: Almási Zita
További közreműködők: Keszei Barbara
Dokumentumtípus: Diplomadolgozat
Kulcsszavak:érzelmi folyamatok
feldolgozás
közösség
munkahely
veszteségek
Online Access:http://dolgozattar.uni-bge.hu/60173

MARC

LEADER 00000nta a2200000 i 4500
001 dolg60173
005 20260409150102.0
008 260409suuuu hu om 000 hun d
040 |a BGE Dolgozattár Repozitórium  |b hun 
041 |a hu 
100 1 |a Almási Zita 
245 1 2 |a A gyász kezelése a munkakörnyezetben  |c Almási Zita  |h [elektronikus dokumentum] 
520 3 |a A kutatásom háttere a társadalmi nyomás nagy szerepe abban, hogy több ember nem tud mit kezdeni a veszteségeivel. Ahogy szocializálódtunk megtanultuk, hogy a negatív, fájó, gyászos érzelmeinknek nincs helye a közéletben. A társadalom elvárja, hogy minél hamarabb vége legyen a gyász időszakának, úgy, hogy annak feldolgozására időt és megfelelő módszert sem nyújt. A gyászfeldolgozás során hatalmat tudunk szerezni a velünk történt negatív hatások fölött és irányíthatjuk egy részét saját javunkra. Arra ösztönöz, hogy szomorúságunkat éljük meg, és ne zárkózzunk el tőle magunk és környezetünk előtt sem.Félünk kimutatni azokat a normális, egészséges érzelmeket, amelyek a veszteség során értek bennünket. A gyászfeldolgozás megtanítja elfogadni saját magunkban azt, hogy ez egy egészséges és természetes gyógyulási folyamat, ezáltal, lehetőséget ad arra, hogy úgy emlékezzünk vissza szerettünkre, hogy egy kellemes élményként őrizzük meg. 
695 |a érzelmi folyamatok 
695 |a feldolgozás 
695 |a közösség 
695 |a munkahely 
695 |a veszteségek 
700 1 |a Keszei Barbara  |e ths 
856 4 0 |u http://dolgozattar.uni-bge.hu/60173/1/Alm%C3%A1si_Zita_Szakdolgozat.pdf  |z Dokumentum-elérés 
856 4 0 |u http://dolgozattar.uni-bge.hu/60173/2/Alma%CC%81siZita%20_KeszeiBarbara.pdf  |z Dokumentum-elérés 
856 4 0 |u http://dolgozattar.uni-bge.hu/60173/3/Alm%C3%A1si%20Zita%20b%C3%ADr%C3%A1lat%20KSZ.pdf  |z Dokumentum-elérés